| 000 | 00716nam a22002177a 4500 | ||
|---|---|---|---|
| 999 |
_c61833 _d61833 |
||
| 005 | 20240523102147.0 | ||
| 008 | 240523s2007 enk||||| |||| 00| 0 eng d | ||
| 020 | _a9781416029076x | ||
| 041 | _aeng | ||
| 080 | _a617.7 F-92 | ||
| 100 |
_aFriedman, Neil J. _98540 |
||
| 245 |
_aEssentials of Ophthalmology / _cNeil J. Friedman, Peter K. Kaiser. |
||
| 250 | _a1st Edition | ||
| 264 |
_aPhiladelphia : _bSaunders, _c2007. |
||
| 300 |
_a294 p.: _bill.; _c28 cm. |
||
| 653 | _aოფთალმოლოგია | ||
| 653 | _aმედიცინა | ||
| 653 | _aთვალის დაავადებები | ||
| 700 |
_aKaiser, Peter K. _eავტორი _922160 |
||
| 942 |
_2udc _cᲬᲘᲒᲜᲘ |
||